000 00728nam a2200217Ii 4500
003 JO-AjNU
008 230605s9999||||xx |||||||||||||| ||und||
020 _a201-0002-37-018-4
040 _aJO-AjNU
_bara
_erda
_cJO-AjNU
041 _aara
050 1 4 _aD20.2005
100 3 _aالصفيدي، سفيان,
_eauthor
_960320
245 0 0 _aالموسوعة التاريخية لدول العاالم وقادتها
250 _aط1
264 3 1 _aعمان: دار اسامة للنشر والتوزيع، 2005
300 _a336ص
336 _atext
_btxt
_2rdacontent
337 _aunmediated
_bn
_2rdamedia
338 _avolume
_bnc
_2rdacarrier
650 4 _aدول العالم- قادة العالم-موسوعات
_960321
999 _aA27193
_c30761
_d30761